000 00677nam a2200205 a 4500
005 20220603063713.0
008 081107s2002 es r 000 0 spa d
020 _a8484231143
035 _aUPN01000165133
049 _aI
050 4 _aPZ74.9
_bB3.8
100 1 _aBaxter, Nicola
_934646
245 1 3 _aLa vuelta al mundo en 80 cuentos /
_cNicola Baxter ; il. Roger Langton ; tr. Remedios Diéguez.
260 _aBarcelona, Esp. :
_bElfos,
_c2002.
300 _a96 p. :
_bil. col.
500 _a"Cuentos de: Europa, América, Africa, Asia, Oceanía"
534 _pTítulo original:
_tAround the world in 80 tales
650 4 _aCuentos infantiles
_96744
905 _aInfantil
999 _c137245
_d137245